| 000 | 00000cas 2200000za 4500 |
| 001 | 9.500746 |
| 003 | CaOODSP |
| 005 | 20260122160741 |
| 007 | cr ||||||||||| |
| 008 | 150406c19709999onc|| p o||||f0 b0fre|d |
| 022 | |a1497-5823 |
| 040 | |aCaOODSP|bfre |
| 041 | |afre|aeng |
| 043 | |an-cn--- |
| 086 | 1 |aJU1-1-1-PDF |
| 110 | 1 |aCanada. |bCour suprême. |
| 245 | 10|aCanada Supreme Court reports |h[ressource électronique] = |bRecueil des arrêts de la Cour suprême du Canada. |
| 246 | 1 |aRecueil des arrêts de la Cour Suprême du Canada |
| 260 | |aOttawa : |bCour suprême du Canada, |c1970- |
| 310 | |aIrrégulier |
| 362 | 1 |aParaît depuis 1970. |
| 546 | |aTexte en français et en anglais. |
| 691 | 07|aDécision du tribunal|2gcpds |
| 776 | 0#|tCanada Supreme Court reports |w(CaOODSP)9.508540 |
| 780 | 00|tCanada law reports |w(CaOODSP)9.814220 |
| 791 | |tCanada Supreme Court reports |eeng|w(CaOODSP)9.500745 |